000 00448nam a22001937a 4500
003 OSt
005 20241105093413.0
008 241105b |||||||| |||| 00| 0 eng d
040 _cMRSPTU
041 _aENG
082 _a633.954
_bDA-I
100 _aDas, N.R.
245 _aIntroduction to Crops of India
250 _a2nd Ed.
260 _aJodhpur
_bScientific Pub.
_c2017
300 _a421
650 _aAgriculture
942 _2ddc
_cBK
_n0
999 _c10423
_d10423